00930nam a2200229u 450000100060000000300080000600500170001400800370003103500190006804000280008704100080011508200240012324500670014726000320021430000860024665100560033265100660038870000660045494200120052099900170053295201510054924156BD-RjUL20211209001021.0140312m1960enkabcj 000 0ceng  a(BD-RjUL)24222 aDLCcCarPdBD-RjULbeng aeng a928bHAW V-1 196000aWho's who in history /nVOL.I.pBRITISH ISLES 55 B.C. to 1485. aOxford :bBlackwell,c1960. axxii ,269 p. :billus., ports., maps (on lining papers) geneal. tables. ;c23 cm. 0aGreat BritainxBiography. [from old catalog]974417 0aGreat BritainxHistoryxChronology. [from old catalog]9744181 aRouth, Charles Richard Nairne, [from old catalog]eed.974419 2ddccBK c24156d24156 00102ddc40728NFICaRUCLbRUCLcReadingd1990-08-28eScholars Bookshelf U.S.Al0o928 HAW V-1 1960r2014-03-12 00:00:00tC-1w2014-03-12yBK